ARRUPE JESUIT UNIVERSITY

CORONAVIRUS -STOP THE SPREAD - CLEAN,DISINFECT,COVER

Missionaries to the skeptics : (Record no. 126326)

MARC details
000 -LEADER
fixed length control field 01200cam a2200289 a 4500
001 - CONTROL NUMBER
control field 4926781
003 - CONTROL NUMBER IDENTIFIER
control field ARRUPE
005 - DATE AND TIME OF LATEST TRANSACTION
control field 20170322112523.0
008 - FIXED-LENGTH DATA ELEMENTS--GENERAL INFORMATION
fixed length control field 950907s1995 gaua b 001 0deng
010 ## - LIBRARY OF CONGRESS CONTROL NUMBER
LC control number 95041832
020 ## - INTERNATIONAL STANDARD BOOK NUMBER
International Standard Book Number 0865544964 (alk. paper)
040 ## - CATALOGING SOURCE
Original cataloging agency DLC
Transcribing agency DLC
Modifying agency DLC
050 00 - LIBRARY OF CONGRESS CALL NUMBER
Classification number BT1117
Item number .S55 1995
082 00 - DEWEY DECIMAL CLASSIFICATION NUMBER
Classification number 239/.092/2
Edition number 21
300 ## - PHYSICAL DESCRIPTION
Other physical details ill. ;
Dimensions 23 cm.
100 1# - MAIN ENTRY--PERSONAL NAME
Personal name Sims, John
Fuller form of name (John A.)
9 (RLIN) 29506
245 10 - TITLE STATEMENT
Title Missionaries to the skeptics :
Remainder of title Christian apologists for the twentieth century : C.S. Lewis, Edward John Carnell, and Reinhold Niebuhr /
Statement of responsibility, etc John A. Sims.
260 ## - PUBLICATION, DISTRIBUTION, ETC. (IMPRINT)
Place of publication, distribution, etc Macon, Ga. :
Name of publisher, distributor, etc Mercer University Press,
Date of publication, distribution, etc c1995.
300 ## - PHYSICAL DESCRIPTION
Extent vii, 234 p. :
504 ## - BIBLIOGRAPHY, ETC. NOTE
Bibliography, etc Includes bibliographical references and index.
600 10 - SUBJECT ADDED ENTRY--PERSONAL NAME
Personal name Lewis, C. S.
Fuller form of name (Clive Staples),
Dates associated with a name 1898-1963.
9 (RLIN) 21448
600 10 - SUBJECT ADDED ENTRY--PERSONAL NAME
Personal name Carnell, Edward John,
Dates associated with a name 1919-1967.
9 (RLIN) 29507
600 10 - SUBJECT ADDED ENTRY--PERSONAL NAME
Personal name Niebuhr, Reinhold,
Dates associated with a name 1892-1971.
9 (RLIN) 29508
650 #0 - SUBJECT ADDED ENTRY--TOPICAL TERM
Topical term or geographic name as entry element Apologetics
General subdivision History
Chronological subdivision 20th century.
9 (RLIN) 12033
906 ## - LOCAL DATA ELEMENT F, LDF (RLIN)
a 7
b cbc
c orignew
d 1
e ocip
f 19
g y-gencatlg
942 ## - ADDED ENTRY ELEMENTS (KOHA)
Source of classification or shelving scheme Library of Congress Classification
Koha item type Monograph ( Printed materials)
Holdings
Withdrawn status Lost status Source of classification or shelving scheme Damaged status Not for loan Collection code Home library Current library Shelving location Date acquired Total Checkouts Full call number Barcode Date last seen Price effective from Koha item type
    Library of Congress Classification     Main Collection ARRUPE LIBRARY ARRUPE LIBRARY Main Collection 22/03/2017   BT1117 .S55 1995 46500025529 22/03/2017 22/03/2017 Monograph ( Printed materials)

 

Arrupe Library. PO Box MP320 Mt Pleasant, Harare, Zimbabwe
263 242 745411|librarian@aju.ac.zw